Countries with Straight Borders - Statistics

General Stats
  • This quiz has been taken 275 times
  • The average score is 28 of 44
Answer Stats
Countries % Correct
United States
89%
Canada
87%
Egypt
86%
Algeria
81%
Sudan
80%
Libya
79%
Mali
74%
Mexico
74%
Chad
72%
Iraq
71%
Morocco
71%
Namibia
71%
Niger
71%
Angola
70%
Mauritania
67%
Oman
67%
Saudi Arabia
67%
Kenya
65%
Russia
65%
Syria
65%
Yemen
65%
Jordan
64%
Iran
63%
Indonesia
62%
South Africa
62%
Kazakhstan
61%
Somalia
60%
Israel
59%
Papua New Guinea
59%
Botswana
57%
Democratic Republic of the Congo
56%
Tanzania
56%
Uzbekistan
56%
Zambia
56%
United Arab Emirates
55%
Ethiopia
54%
Afghanistan
52%
Brazil
50%
Cameroon
45%
Gabon
45%
Tunisia
45%
Uganda
45%
Equatorial Guinea
40%
Colombia
37%
No matching quizzes found
Score Distribution
Percent of People with Each Score
Percentile by Number Answered
Your Score History
You have not taken this quiz